000 01520cam a2200361 i 4500
999 _c3064
_d3064
001 18415221
003 NUST
005 20170530134256.0
008 141223s2015 pk b 001 0durd
010 _a 2014324203
020 _a9789695623503
025 _aP-U-2014324203; 15
037 _bLibrary of Congress -- Islamabad Overseas Office
_cRs 900.00
040 _aDLC
_beng
_erda
_cRCMS
042 _alcode
_apcc
050 0 0 _a901 SHA
_bZ4795 2015
066 _c(3
_c(4
082 _a901 SHA
100 _aḌr Nadīm Shafīq Malik.
_91652
245 0 0 _6880-01
_aعلامہ اقبال کے چند نادر و نا یاب خطوط
_c[compiler] Ḍākṭar Nadīm Shafīq Malik.
260 _aLahore
_bFiction House
_c2015
300 _a384 pages ;
_c23 cm
440 _aعلامہ اقبال کے چند نادر و نا یاب خطوط
_91653
504 _aIncludes bibliographical references and index.
520 _aCollection of articles on the unpublished letters of Sir Muhammad iqbal, 1877-1938.
538 _iShelf # 13, Row # 5, Fiction.
546 _aIn Urdu.
600 1 0 _aIqbal, Muhammad,
_cSir,
_d1877-1938
_vCorrespondence.
_91654
650 0 _aAuthors, Urdu
_zPakistan
_vCorrespondence.
_91655
700 1 _6880-03
_aNadeem Shafiq Malik
_ecompiler.
_91000
856 _3Table of Contents Only.
880 0 0 _6245-01/(3/r‏
_a‏علّامه اقبال کے چند نادر ناياب خطوط /‏
_c‏[compiler] ‏ڈاکٹر نديم شفيق ملک.
880 1 _6264-02/(3/r‏
_a‏لاهور :‏
_b‏فکشن هاؤس،‏
_c‏‪2015‬.
880 1 _6700-03/(3/r‏
_a‏ملک، نديم شفيق،‏
_e‏compiler.
906 _a7
_bcbc
_corigode
_d3
_encip
_f20
_gy-nonroman
942 _2ddc
_cBK
_h901 SHA